[Event "AUTO-OPEN-3864"]
[Site "http://www.queenalice.com/game.php?id=1523071"]
[Date "2018.4.10"]
[Round "2"]
[White "Gera"]
[Black "astrologo"]
[Result "0-1"]
[WhiteElo "1953"]
[BlackElo "2283"]

1. e4 b6 2. d4 Bb7 3. Nc3 e6 4. Bd3 Bb4 5. Ne2 Nf6 6. O-O O-O 7. Bd2 c5 8. a3
Bxc3 9. Bxc3 Nxe4 10. Qe1 Nxc3 11. Qxc3 Qg5 12. f3 Rc8 13. Ng3 Qe3+ 14. Kh1 cxd4
15. Qb4 d5 16. f4 Nc6 17. Qd6 Qd2 18. f5 Qh6 19. Qd7 Rab8 20. Rae1 Rd8 21. Qc7
e5 22. Bb5 Rdc8 23. Qd7 Rd8 24. Qc7 Qf6 25. Bxc6 Qxc6 26. Qxc6 Bxc6 27. Rxe5
Rbc8 28. Rfe1 Kf8 29. Ne2 Re8 30. Nxd4 Bd7 31. g4 Rcd8 32. Kg2 Rxe5 33. Rxe5 Be8
34. g5 Rd6 35. Kf3 Bd7 36. Ke3 f6 37. gxf6 gxf6 38. Re6 Bxe6 39. Nxe6+ Ke7 40.
Nd4 a6 41. a4 Rd7 42. Kf4 Kd6 43. Ne6 Re7 44. Nd4 Re4+ 0-1

[Event "AUTO-OPEN-3879"]
[Site "http://www.queenalice.com/game.php?id=1523555"]
[Date "2018.4.14"]
[Round "2"]
[White "josebaron"]
[Black "astrologo"]
[Result "1/2-1/2"]
[WhiteElo "2002"]
[BlackElo "2302"]

1. e4 b6 2. c4 Bb7 3. Nc3 e6 4. d3 Nc6 5. Nf3 d6 6. Be2 Nf6 7. O-O Be7 8. h3 O-O
9. a4 Na5 10. b4 Nc6 11. b5 Na5 12. Bb2 c6 13. e5 dxe5 14. Nxe5 cxb5 15. axb5
Bc5 16. Bf3 Bxf3 17. Nxf3 Nb7 18. Ne4 Nxe4 19. dxe4 Qc7 20. Qc2 Na5 21. Rfd1
Nxc4 22. Bd4 Nd6 23. Bxc5 bxc5 24. e5 Nxb5 25. Qc4 a6 26. Rd2 Rfd8 27. Rxd8+
Qxd8 28. Qxc5 Rc8 29. Qb4 Ra8 30. Qa5 Qxa5 31. Rxa5 Kf8 32. g4 Ke7 33. h4 Kd7
34. h5 Kc6 35. Ng5 Ra7 36. Nxh7 Kb6 37. Ra1 a5 38. Ng5 a4 39. f4 a3 40. f5 exf5
41. gxf5 f6 42. exf6 gxf6 43. Ne4 Nd4 1/2-1/2

[Event "AUTO-OPEN-3879"]
[Site "http://www.queenalice.com/game.php?id=1523556"]
[Date "2018.4.14"]
[Round "2"]
[White "astrologo"]
[Black "josebaron"]
[Result "1-0"]
[WhiteElo "2264"]
[BlackElo "2065"]

1. e4 e5 2. Nf3 Nc6 3. Bb5 d6 4. d4 exd4 5. Qxd4 Bd7 6. Qd1 Be7 7. O-O Nf6 8.
Nc3 a6 9. Bd3 Bg4 10. h3 Bh5 11. g4 Nxg4 12. hxg4 Bxg4 13. Be2 Bxf3 14. Bxf3 Ne5
15. Bg2 O-O 16. f4 Ng6 17. Be3 c6 18. Qg4 Bf6 19. Rad1 Bxc3 20. bxc3 f6 21. Kf2
f5 22. exf5 Nh4 23. Bd4 Nxf5 24. Rh1 Nxd4 25. cxd4 d5 26. Qe6+ Rf7 27. Rxh7 Kxh7
28. Qxf7 Qh4+ 29. Kf3 1-0

[Event "AUTO-OPEN-3879"]
[Site "http://www.queenalice.com/game.php?id=1523563"]
[Date "2018.4.14"]
[Round "2"]
[White "astrologo"]
[Black "Paulsains"]
[Result "1-0"]
[WhiteElo "2277"]
[BlackElo "1978"]

1. e4 e5 2. Nf3 Nf6 3. Nxe5 Qe7 4. d4 d6 5. Nf3 Qxe4+ 6. Be2 Bf5 7. c3 Qc2 8.
O-O Qxd1 9. Bxd1 Nc6 10. Re1+ Be7 11. Ba4 Nd5 12. Na3 O-O 13. Bxc6 bxc6 14. c4
Nb4 15. Rxe7 1-0

[Event "AUTO-OPEN-3879"]
[Site "http://www.queenalice.com/game.php?id=1523564"]
[Date "2018.4.14"]
[Round "2"]
[White "Paulsains"]
[Black "astrologo"]
[Result "0-1"]
[WhiteElo "1950"]
[BlackElo "2288"]

1. e4 b6 2. Nf3 Bb7 3. d3 e6 4. Be2 Be7 5. O-O d6 6. Be3 Nf6 7. h3 O-O 8. Nbd2
c5 9. c4 Nc6 10. Nh2 d5 11. cxd5 exd5 12. exd5 Nxd5 13. Nc4 Nxe3 14. fxe3 Bg5
15. Bg4 b5 16. Na3 Bxe3+ 17. Kh1 Nd4 18. Re1 Re8 19. Nf3 f5 20. Nxd4 fxg4 21.
Ndc2 Bxg2+ 22. Kxg2 Qd5+ 23. Kg3 Qe5+ 24. Kg2 gxh3+ 25. Kxh3 Re6 26. Rxe3 Rh6+
27. Kg4 Rg6+ 28. Kf3 Rf8+ 29. Ke2 Qh2+ 0-1

[Event "AUTO-MASTER-2663"]
[Site "http://www.queenalice.com/game.php?id=1524823"]
[Date "2018.4.24"]
[Round "2"]
[White "SubRoger"]
[Black "astrologo"]
[Result "0-1"]
[WhiteElo "2001"]
[BlackElo "2294"]

1. d4 Nf6 2. Bf4 b6 3. Nf3 Bb7 4. e3 e6 5. Be2 Be7 6. O-O O-O 7. h3 c5 8. Nbd2
Nc6 9. c3 cxd4 10. exd4 d5 11. Ne5 Nxe5 12. Bxe5 Nd7 13. Bh2 Nf6 14. Bd3 Bd6 15.
Rc1 Rc8 16. Nf3 Bxh2+ 17. Nxh2 a6 18. Bb1 Qd6 19. Ng4 Qf4 20. Qc2 g6 21. Nxf6+
Qxf6 22. Qe2 b5 23. a3 Rfe8 24. Rce1 Re7 25. Qe5 Qxe5 26. Rxe5 f6 27. Re3 e5 28.
Rfe1 e4 29. f3 f5 30. Ba2 Rce8 31. Kf2 Kf8 32. Bb3 f4 33. R3e2 e3+ 34. Kf1 g5
35. Kg1 Kg7 36. Bc2 h5 37. Bd3 Kf6 38. Bc2 Bc8 39. Bb3 Be6 40. Bc2 Rg7 41. Bd3
Reg8 42. Kf1 g4 43. fxg4 hxg4 44. hxg4 Rxg4 45. Rc2 Rh8 46. Kg1 Rgh4 47. Kf1
Rh1+ 48. Ke2 Bg4# 0-1

[Event "AUTO-MASTER-2663"]
[Site "http://www.queenalice.com/game.php?id=1524824"]
[Date "2018.4.24"]
[Round "2"]
[White "astrologo"]
[Black "SubRoger"]
[Result "1-0"]
[WhiteElo "2290"]
[BlackElo "2129"]

1. e4 e6 2. Nf3 d5 3. exd5 exd5 4. d4 Nf6 5. c4 Bb4+ 6. Nc3 O-O 7. Be2 c6 8. O-O
Re8 9. a3 Bxc3 10. bxc3 Bf5 11. Bg5 Nbd7 12. cxd5 cxd5 13. Bb5 a6 14. Bd3 h6 15.
Bxf5 Qc7 16. Bd2 Re7 17. Re1 Rae8 18. Rxe7 Rxe7 19. Bxd7 Nxd7 20. Qb3 Nf6 21.
Re1 Rxe1+ 22. Bxe1 1-0

[Event "AUTO-MASTER-2670"]
[Site "http://www.queenalice.com/game.php?id=1529499"]
[Date "2018.6.2"]
[Round "2"]
[White "astrologo"]
[Black "Buuuu"]
[Result "0-1"]
[WhiteElo "2300"]
[BlackElo "2158"]

1. e4 c6 2. d4 d5 3. Nc3 dxe4 4. Nxe4 Bf5 5. Ng3 Bg6 6. h4 h6 7. Nf3 Nd7 8. Bd3
Bxd3 9. Qxd3 Ngf6 10. O-O Qc7 11. c4 e6 12. Bd2 Bd6 13. Ne4 Nxe4 14. Qxe4 Nf6
15. Qd3 Bf4 16. Rfe1 O-O 17. Rad1 Rad8 18. Qb3 Bxd2 19. Rxd2 Ng4 20. g3 Rd7 21.
Red1 Rfd8 22. Qc3 b5 23. c5 Rd5 24. b4 g5 25. Kg2 Rf5 26. hxg5 hxg5 27. Rh1 Rdd5
28. Rdd1 Nxf2 29. Kxf2 g4 30. Rd3 e5 31. Kg2 gxf3+ 32. Rxf3 exd4 33. Qd3 Qe5 34.
Rhf1 Rxf3 35. Qxf3 f5 36. Qh5 d3 37. Qg5+ Kf7 38. Qh5+ Ke7 39. Qh7+ Kd8 40. Qg8+
Kd7 41. Qf7+ Kc8 42. Qxa7 d2 43. Qa8+ Kc7 44. Qa7+ Kd8 45. Qa8+ Ke7 46. Qxc6
d1=Q 47. Qb7+ Rd7 0-1

[Event "AUTO-MASTER-2670"]
[Site "http://www.queenalice.com/game.php?id=1529500"]
[Date "2018.6.2"]
[Round "2"]
[White "Buuuu"]
[Black "astrologo"]
[Result "1-0"]
[WhiteElo "2185"]
[BlackElo "2285"]

1. e4 c5 2. Nf3 e6 3. Nc3 Nc6 4. d4 cxd4 5. Nxd4 a6 6. Be2 Nf6 7. Nxc6 bxc6 8.
e5 Nd5 9. Ne4 Qc7 10. f4 Qb6 11. a3 Be7 12. c4 Ne3 13. Qd3 Nxg2+ 14. Kf1 Nh4 15.
Be3 Qc7 16. Bf2 Nf5 17. c5 a5 18. Nd6+ Bxd6 19. exd6 Qd8 20. Qe4 Qf6 21. Bg4
Qxb2 22. Kg2 Qf6 23. Rab1 Ba6 24. Rhe1 g6 25. Kh3 h5 26. Bxf5 Qxf5+ 27. Qxf5
gxf5 28. Rg1 Kf8 29. Bh4 Re8 30. Bf6 Rh7 31. Rg2 1-0

[Event "AUTO-MASTER-2670"]
[Site "http://www.queenalice.com/game.php?id=1529501"]
[Date "2018.6.2"]
[Round "2"]
[White "astrologo"]
[Black "pdebonis"]
[Result "0-1"]
[WhiteElo "2286"]
[BlackElo "2477"]

1. e4 c5 2. d3 Nc6 3. Nf3 g6 4. g3 Bg7 5. Bg2 e5 6. O-O Nge7 7. Nc3 d6 8. Be3
Bg4 9. h3 Bd7 10. Qd2 O-O 11. Bh6 f6 12. Bxg7 Kxg7 13. Nd5 Nxd5 14. exd5 Ne7 15.
Nh2 g5 0-1

[Event "AUTO-MASTER-2670"]
[Site "http://www.queenalice.com/game.php?id=1529502"]
[Date "2018.6.2"]
[Round "2"]
[White "pdebonis"]
[Black "astrologo"]
[Result "1-0"]
[WhiteElo "2479"]
[BlackElo "2284"]

1. e4 e5 2. f4 Bc5 3. Nf3 d6 4. c3 Bg4 5. fxe5 dxe5 6. Qa4+ Qd7 7. Bb5 c6 8.
Nxe5 Qc8 9. Qc4 Bf2+ 10. Kxf2 Be6 11. Qc5 cxb5 12. Qxc8+ Bxc8 13. d4 Nf6 14. Re1
Nc6 15. Nf3 O-O 16. Bf4 Bg4 17. Nbd2 Rfe8 18. h3 Bxf3 19. gxf3 Rac8 20. Rg1 g6
21. Be3 b6 22. a4 b4 23. Nc4 Rc7 24. Bf4 Rd7 25. d5 Na5 26. Ne5 Rdd8 27. cxb4
Nb7 28. Rac1 Rc8 29. Nc6 a6 30. Ne7+ 1-0

[Event "AUTO-MASTER-2675"]
[Site "http://www.queenalice.com/game.php?id=1530576"]
[Date "2018.6.10"]
[Round "2"]
[White "astrologo"]
[Black "henriq19"]
[Result "1-0"]
[WhiteElo "2280"]
[BlackElo "1990"]

1. e4 e5 2. Nf3 Nc6 3. Bb5 d6 4. d4 Bd7 5. O-O Be7 6. Nc3 Nxd4 7. Bxd7+ Qxd7 8.
Nxd4 exd4 9. Qxd4 Nf6 10. Re1 O-O 11. Bg5 c5 12. Qd2 Rad8 13. Rad1 b5 14. e5
dxe5 15. Qxd7 Rxd7 16. Rxd7 Nxd7 17. Bxe7 Re8 18. Bh4 b4 19. Na4 Re6 20. Rd1 Nf8
21. Nxc5 Rc6 22. Be7 Ne6 23. Nxe6 fxe6 24. Bxb4 Rxc2 25. Bc3 Re2 26. Kf1 Re4 27.
Re1 Ra4 28. Rxe5 Rxa2 29. Ra5 Rxa5 30. Bxa5 Kf7 31. Ke2 Ke7 32. Ke3 Kd6 33. Ke4
g6 34. Bb4+ Kd7 35. Ke5 a6 36. Kf6 1-0

[Event "AUTO-MASTER-2675"]
[Site "http://www.queenalice.com/game.php?id=1530577"]
[Date "2018.6.10"]
[Round "2"]
[White "henriq19"]
[Black "astrologo"]
[Result "0-1"]
[WhiteElo "1986"]
[BlackElo "2279"]

1. e4 c5 2. Nf3 e6 3. d4 cxd4 4. Nxd4 a6 5. Be2 Qc7 6. O-O Nf6 7. Nc3 Bb4 8. f3
Bxc3 9. bxc3 Qxc3 10. Nb3 O-O 11. Bd2 Qc7 12. Rc1 Nc6 13. Bg5 b6 14. Qd2 Ne8 15.
c4 f6 16. Bf4 e5 17. Be3 Nd6 18. c5 bxc5 19. Bxc5 Nf7 20. Bxf8 Kxf8 21. Rfd1
Nfd8 22. Bc4 Nf7 23. Kh1 Rb8 24. Qd5 d6 25. Nd2 Nb4 26. Qxf7+ Qxf7 27. Bxf7 Kxf7
28. a3 Nd3 29. Rc7+ Kg6 30. Kg1 Be6 31. Nc4 Bxc4 32. Rd2 Rb1+ 0-1

[Event "AUTO-MASTER-2675"]
[Site "http://www.queenalice.com/game.php?id=1530578"]
[Date "2018.6.10"]
[Round "2"]
[White "astrologo"]
[Black "AsterixTwin"]
[Result "0-1"]
[WhiteElo "2272"]
[BlackElo "2558"]

1. c4 Nf6 2. Nc3 g6 3. g3 Bg7 4. Bg2 O-O 5. e4 c5 6. Nge2 Nc6 7. O-O Ne8 8. d3
Nc7 9. Be3 Ne6 10. Qd2 Ned4 11. Bh6 d6 12. Bxg7 Kxg7 13. Nxd4 cxd4 14. Nd5 e6
15. Nf4 Bd7 16. b4 e5 17. Nd5 Ne7 18. Nxe7 Qxe7 19. a4 Rae8 20. b5 f5 21. f4
fxe4 22. Bxe4 Bh3 23. Rf2 h5 24. Re1 h4 25. Bg2 hxg3 26. hxg3 Bxg2 27. Rxg2 Qf6
28. Rf2 Qf5 29. fxe5 Qg4 30. Rg2 dxe5 31. Re4 Qf3 32. Qe2 Qxe2 33. Rgxe2 Kf6 34.
Kg2 b6 35. Ra2 Ke6 36. a5 Kd6 37. axb6 axb6 38. Ra6 Kc5 39. Ra4 Rf5 40. Re2 g5
41. g4 Rf4 42. Kg3 e4 43. dxe4 Rexe4 44. Rxe4 Rxe4 45. Kf3 Rf4+ 0-1

[Event "AUTO-MASTER-2675"]
[Site "http://www.queenalice.com/game.php?id=1530579"]
[Date "2018.6.10"]
[Round "2"]
[White "AsterixTwin"]
[Black "astrologo"]
[Result "1-0"]
[WhiteElo "2544"]
[BlackElo "2269"]

1. e4 c5 2. Nf3 e6 3. d4 cxd4 4. Nxd4 a6 5. Bd3 Qc7 6. O-O Nf6 7. Qe2 d6 8. c4
Be7 9. b3 b6 10. Bb2 Bb7 11. Nc3 Nc6 12. Nxc6 Qxc6 13. Rae1 O-O 14. f4 Rad8 15.
Bb1 Qc5+ 16. Kh1 Qh5 17. Qxh5 Nxh5 18. g4 Nf6 19. g5 Nh5 20. Bd3 g6 21. Be2 Ng7
22. Bf3 f6 23. gxf6 Bxf6 24. Bg2 Nh5 25. f5 exf5 26. exf5 Bxg2+ 27. Kxg2 Rde8
28. Rxe8 Rxe8 29. fxg6 hxg6 30. Kh1 Kg7 31. Na4 Bxb2 32. Nxb2 Re2 33. Na4 Rxa2
34. Nxb6 Rb2 35. Rf3 Rd2 36. Nd5 a5 37. h3 Re2 38. Kg1 g5 39. Rf2 Re4 40. Ra2
Re1+ 41. Kg2 Rb1 42. Rxa5 Rxb3 43. Ra6 Rb2+ 44. Kf3 Rc2 45. Ne3 Rd2 46. Nf5+ Kf6
47. Nxd6 Ke5 48. Nf7+ Kf5 49. Nh6+ Ke5 50. Ng4+ Kf5 51. Rh6 Rd3+ 52. Ne3+ Rxe3+
53. Kxe3 Nf4 54. Kd4 1-0

[Event "AUTO-OPEN-3853"]
[Site "http://www.queenalice.com/game.php?id=1531643"]
[Date "2018.6.17"]
[Round "3"]
[White "SubRoger"]
[Black "astrologo"]
[Result "0-1"]
[WhiteElo "2024"]
[BlackElo "2270"]

1. d4 Nf6 2. c4 e6 3. Nc3 Bb4 4. a3 Bxc3+ 5. bxc3 O-O 6. f3 c5 7. e4 d6 8. Nh3
Nc6 9. Be2 b6 10. Be3 Ba6 11. O-O Na5 12. Bg5 h6 13. Be3 Bxc4 14. Nf2 Bxe2 15.
Qxe2 c4 16. Rad1 d5 17. e5 Nh7 18. Nh1 Nc6 19. Nf2 Ne7 20. Bc1 Nf5 21. Ng4 Ng5
22. Bxg5 Qxg5 23. f4 Qe7 24. Ne3 Nxe3 25. Qxe3 Qxa3 26. f5 exf5 27. Rxf5 Qe7 28.
Qg3 Kh7 29. Rdf1 f6 0-1

[Event "AUTO-OPEN-3853"]
[Site "http://www.queenalice.com/game.php?id=1531644"]
[Date "2018.6.17"]
[Round "3"]
[White "astrologo"]
[Black "SubRoger"]
[Result "1-0"]
[WhiteElo "2275"]
[BlackElo "2018"]

1. e4 e6 2. d4 d5 3. exd5 exd5 4. Nf3 Nf6 5. c4 Bb4+ 6. Nc3 O-O 7. a3 Bxc3+ 8.
bxc3 c6 9. Be2 Bf5 10. O-O Re8 11. Re1 Nbd7 12. Bg5 h6 13. Bh4 Qa5 14. Qb3 b6
15. Bg3 Be4 16. Ne5 Nxe5 17. Bxe5 Nd7 18. Bf4 Nf6 19. Bd2 dxc4 20. Bxc4 Bd5 21.
Bxd5 Qxd5 22. Qxd5 Nxd5 23. c4 Nf6 24. Re5 Ng4 25. Rxe8+ Rxe8 26. Re1 Rxe1+ 27.
Bxe1 Kf8 28. h3 Nf6 29. f3 Ke7 30. g4 1-0